Nanomaterials and nanostructures (Record no. 396392)

MARC details
000 -LEADER
fixed length control field 00309 a2200133 4500
000 - LEADER
fixed length control field nam a22 7a 4500
100 ## - MAIN ENTRY--PERSONAL NAME
Personal name A.K Sharma
110 ## - MAIN ENTRY--CORPORATE NAME
Corporate name or jurisdiction name as entry element A.K Sharma
245 ## - TITLE STATEMENT
Title Nanomaterials and nanostructures
250 ## - EDITION STATEMENT
Edition statement latest edition
260 ## - PUBLICATION, DISTRIBUTION, ETC.
Name of publisher, distributor, etc. Oxford
Date of publication, distribution, etc. 2023
264 ## - PRODUCTION, PUBLICATION, DISTRIBUTION, MANUFACTURE, AND COPYRIGHT NOTICE
Name of producer, publisher, distributor, manufacturer Oxford
Date of production, publication, distribution, manufacture, or copyright notice 2023
942 ## - ADDED ENTRY ELEMENTS (KOHA)
Koha item type Books
Holdings
Date last seen Total checkouts Barcode Cost, replacement price Price effective from Koha item type Lost status Source of classification or shelving scheme Damaged status Not for loan Withdrawn status Home library Current library Date acquired Source of acquisition Cost, normal purchase price
28/01/2026   437932 1895.00 28/01/2026 Books   Dewey Decimal Classification       VIVEKANANDA LIBRARY VIVEKANANDA LIBRARY 28/01/2026 1035 1421.25
28/01/2026   437931 1895.00 28/01/2026 Books   Dewey Decimal Classification       VIVEKANANDA LIBRARY VIVEKANANDA LIBRARY 28/01/2026 1035 1421.25
© Designed and Maintained by Vivekananda Library, MDU Rohtak